[Event "CEDIS Festival saha 2026 - 1. turnir"]
[Site "Podgorica"]
[Date "2026.04.04"]
[Round "2.14"]
[White "Sorochenkov, Alexander"]
[Black "Vesovic, Nebojsa"]
[Result "1/2-1/2"]
[WhiteElo "1429"]
[BlackElo "1807"]
[WhiteFideId "-1"]
[BlackFideId "-1"]
[PlyCount "211"]
[GameId "2295235956542041"]
[EventDate "2026.04.03"]
[EventType "swiss"]
[EventRounds "5"]
[EventCountry "MNE"]
[SourceVersionDate "2026.04.04"]

{[%evp 0,211,18,11,9,22,14,20,30,28,28,26,35,25,18,16,14,14,32,22,33,-7,35,33,58,-1,43,26,60,-21,62,41,43,15,30,30,89,55,129,46,54,54,47,60,-1,50,61,64,91,71,114,120,94,101,91,74,92,177,105,78,250,89,122,110,123,74,73,68,76,30,48,-87,-84,-96,0,96,-16,68,-15,89,-1,-9,58,-7,-1,-40,-1,-34,16,26,1,-35,1,-135,-153,-145,-158,-161,-142,-141,-125,-131,-108,-137,-56,-103,-96,-100,-84,-150,-80,-111,-44,-101,-105,-76,-92,-54,-64,-75,-59,-163,-143,-204,-98,-194,-108,-274,-197,-408,-197,-411,-184,-391,-193,-435,-440,-437,-344,-491,-513,-500,-502,-498,-493,-512,-510,-571,-557,-580,-555,-578,-582,-631,-720,-898,-870,-783,-952,-982,-167,-233,-244,-236,-212,-188,-155,-194,-189,-199,-222,-236,-243,-202,-202,-239,-243,-214,-270,-227,-291,-410,-260,-380,-282,-481,-211,-220,-186,-260,-260,-657,-437,-601,-68,-582,-49,-43,-14,-484,-262,-433,-1,-1,-1,-1,-1,-1,-1,-1,-1,0,0,0]} 1. e4 e5 2. Nf3 Nf6 3. Nxe5 d6 4. Nf3 Nxe4 5. Nc3 Nxc3 6. dxc3 Be7 7. Bd3 O-O 8. O-O Bd7 9. h3 Nc6 10. Re1 Bf6 11. Bf4 a6 12. a4 Rb8 13. Qd2 b5 14. axb5 axb5 15. Rab1 b4 16. cxb4 Nxb4 17. Be4 Nc6 18. c3 Na5 19. Bc2 g6 20. Bh6 Re8 21. Rxe8+ Bxe8 22. b3 Nc6 23. b4 Bd7 24. Bb3 Be6 25. Bxe6 fxe6 26. Ng5 Qd7 27. Re1 Bxg5 28. Qxg5 Qf7 29. Re4 Qf5 30. Qe3 e5 31. Rc4 Qd7 32. Qg5 Nd8 33. Qf6 Ne6 34. Rg4 Qf7 35. Qxf7+ Kxf7 36. Kf1 c5 37. Be3 cxb4 38. Rxb4 Rxb4 39. cxb4 Nc7 40. Ke2 Ke6 41. Kd3 d5 42. g4 Nb5 43. Bc5 e4+ 44. Ke3 Ke5 45. f4+ Ke6 46. g5 Kf5 47. Bb6 d4+ 48. Bxd4 Nxd4 49. Kxd4 Kxf4 50. b5 e3 51. b6 e2 52. b7 e1=Q 53. b8=Q+ Kxg5 54. Qd8+ Kh5 55. Qd5+ Kh6 56. Qg2 Qe6 57. Qg3 Qf6+ 58. Kd3 Qf5+ 59. Kd4 g5 60. Qg2 Kh5 61. h4 Kxh4 62. Qh2+ Qh3 63. Qc7 h5 64. Qe7 Qg3 65. Kd5 Kh3 66. Qe6+ g4 67. Qg6 h4 68. Ke6 Qf3 69. Qh5 Qf4 70. Qd5 g3 71. Qh1+ Kg4 72. Ke7 Qe3+ 73. Kd8 Qf3 74. Qe1 g2 75. Qe6+ Kg3 76. Qe5+ Kh3 77. Qe6+ Kh2 78. Qe5+ Kh1 79. Qe1+ Kh2 80. Qxh4+ Qh3 81. Qf4+ Kh1 82. Qe4 Kh2 83. Qf4+ Qg3 84. Qh6+ Kg1 85. Qc1+ Kf2 86. Qd2+ Kf3 87. Qd3+ Kg4 88. Qg6+ Kh3 89. Qf5+ Qg4 90. Qd3+ Kh2 91. Qh7+ Kg3 92. Qd3+ Kf2 93. Qd2+ Qe2 94. Qf4+ Ke1 95. Qg3+ Kd2 96. Qg5+ Ke1 97. Qg3+ Kf1 98. Qf4+ Ke1 99. Qg3+ Qf2 100. Qe5+ Kf1 101. Qa1+ Qe1 102. Qf6+ Ke2 103. Qe5+ Kd1 104. Qa1+ Kd2 105. Qb2+ Kd1 106. Qxg2 1/2-1/2

[Event "CEDIS Festival saha 2026 - 1. turnir"]
[Site "Podgorica"]
[Date "2026.04.04"]
[Round "3.1"]
[White "Kolmakov, Ivan D"]
[Black "Kramich, Aliaksei"]
[Result "0-1"]
[WhiteElo "2105"]
[BlackElo "2195"]
[WhiteFideId "-1"]
[BlackFideId "-1"]
[PlyCount "66"]
[GameId "2295477985266551"]
[EventDate "2026.04.03"]
[EventType "swiss"]
[EventRounds "5"]
[EventCountry "MNE"]
[SourceVersionDate "2026.04.04"]

1. e4 e5 2. Nf3 Nc6 3. Bc4 Nf6 4. d3 Be7 5. O-O O-O 6. Nc3 d6 7. h3 Na5 8. Bb3 c6 9. Be3 d5 10. exd5 cxd5 11. d4 e4 12. Ne5 Nxb3 13. axb3 Ne8 14. f3 f6 15. Ng4 f5 16. Ne5 f4 17. Bf2 e3 18. Be1 Nc7 19. Ne2 Ne6 20. c4 a5 21. Nc3 dxc4 22. d5 Ng5 23. bxc4 Qc7 24. h4 Nh3+ 25. gxh3 Qxe5 26. Kh2 Qf5 27. Rh1 Ra6 28. Kg2 Bc5 29. Kf1 Re8 30. Ke2 Qg6 31. Ne4 Qg2+ 32. Kd3 Bf5 33. Kc3 Rxe4 0-1

[Event "CEDIS Festival saha 2026 - 1. turnir"]
[Site "Podgorica"]
[Date "2026.04.04"]
[Round "3.2"]
[White "Musovic, Armin"]
[Black "Jovancevic, Jovan"]
[Result "1-0"]
[WhiteElo "2176"]
[BlackElo "2163"]
[WhiteFideId "-1"]
[BlackFideId "-1"]
[PlyCount "37"]
[GameId "2295478997348383"]
[EventDate "2026.04.03"]
[EventType "swiss"]
[EventRounds "5"]
[EventCountry "MNE"]
[SourceVersionDate "2026.04.04"]

1. e4 c5 2. b4 cxb4 3. d4 d6 4. a3 bxa3 5. Rxa3 Nf6 6. Nc3 e6 7. Bd3 Be7 8. Nf3 Nbd7 9. O-O a6 10. h3 Rb8 11. e5 dxe5 12. dxe5 Qc7 13. exf6 Bxa3 14. fxg7 Rg8 15. Bxa3 Qxc3 16. Bxh7 Rxg7 17. Qd6 f5 18. Bg6+ Kd8 19. Ng5 1-0

[Event "CEDIS Festival saha 2026 - 1. turnir"]
[Site "Podgorica"]
[Date "2026.04.04"]
[Round "3.3"]
[White "Zizic, Djordje"]
[Black "Vujovic, Viktor"]
[Result "1-0"]
[WhiteElo "2152"]
[BlackElo "1646"]
[WhiteFideId "-1"]
[BlackFideId "-1"]
[PlyCount "57"]
[GameId "2295479489425469"]
[EventDate "2026.04.03"]
[EventType "swiss"]
[EventRounds "5"]
[EventCountry "MNE"]
[SourceVersionDate "2026.04.04"]

1. e4 c5 2. Nf3 Nc6 3. Bb5 Nf6 4. Nc3 g6 5. O-O Bg7 6. Re1 O-O 7. d3 a6 8. Bxc6 dxc6 9. a4 a5 10. h3 Qc7 11. e5 Nd5 12. Nxd5 cxd5 13. Bf4 Qc6 14. Qd2 d4 15. Nh2 Be6 16. Bh6 Rfc8 17. Qf4 f6 18. Bxg7 Kxg7 19. Re2 Ra6 20. exf6+ exf6 21. Ng4 Bxg4 22. Re7+ Kf8 23. Rxh7 g5 24. Qxg4 Rc7 25. Rh8+ Kg7 26. Qh5 f5 27. Qh7+ Kf6 28. Rf8+ Ke6 29. Re1+ 1-0

[Event "CEDIS Festival saha 2026 - 1. turnir"]
[Site "Podgorica"]
[Date "2026.04.04"]
[Round "3.4"]
[White "Dedic, Slavko"]
[Black "Abramovic, Dragoljub"]
[Result "0-1"]
[WhiteElo "1884"]
[BlackElo "2035"]
[WhiteFideId "-1"]
[BlackFideId "-1"]
[PlyCount "156"]
[GameId "2295480664023236"]
[EventDate "2026.04.03"]
[EventType "swiss"]
[EventRounds "5"]
[EventCountry "MNE"]
[SourceVersionDate "2026.04.04"]

1. e4 c6 2. d4 d5 3. e5 Bf5 4. Nf3 e6 5. g3 h6 6. Bg2 c5 7. Be3 Qb6 8. b3 Nc6 9. c3 cxd4 10. Nxd4 Nxd4 11. Bxd4 Bc5 12. O-O Ne7 13. Qd2 Rc8 14. Rd1 O-O 15. Qe3 Bc2 16. Rd2 Nf5 17. Bxc5 Rxc5 18. Qf3 Be4 19. Qg4 Bxb1 20. Rxb1 Rxc3 21. Rbd1 g6 22. h4 Kg7 23. h5 Qc7 24. hxg6 fxg6 25. Qe2 Qb6 26. Kh2 Rf7 27. Bxd5 Nxg3 28. fxg3 Re3 29. Qc4 exd5 30. Qxd5 Qc7 31. Qxf7+ Qxf7 32. Rd7 Rxe5 33. Rxf7+ Kxf7 34. Rd7+ Re7 35. Rd2 Kf6 36. Kg2 Kf5 37. Kf3 Rc7 38. Rd5+ Ke6 39. Rd3 Rf7+ 40. Ke4 Rf2 41. a4 Rb2 42. Kf4 a6 43. Ke4 Kf6 44. Rd6+ Kg5 45. Rb6 Re2+ 46. Kf3 Re7 47. Rd6 Rf7+ 48. Kg2 Kf5 49. Rb6 h5 50. Kh3 Rg7 51. b4 Rd7 52. b5 a5 53. Kg2 g5 54. Kf3 Rd3+ 55. Kf2 Ra3 56. Rxb7 Rxa4 57. Ra7 Kg4 58. b6 Rb4 59. b7 Rb2+ 60. Ke3 Kxg3 61. Rxa5 g4 62. Rxh5 Rxb7 63. Re5 Rb2 64. Rh5 Kg2 65. Rf5 g3 66. Rf8 Rf2 67. Rg8 Rf7 68. Ra8 Rf3+ 69. Ke4 Rb3 70. Kf4 Kh2 71. Rh8+ Kg1 72. Ra8 g2 73. Kg4 Re3 74. Kf4 Kf2 75. Ra2+ Re2 76. Ra3 g1=Q 77. Rf3+ Ke1 78. Kf5 Qf2 0-1

[Event "CEDIS Festival saha 2026 - 1. turnir"]
[Site "Podgorica"]
[Date "2026.04.04"]
[Round "3.5"]
[White "Rasovic, Uros"]
[Black "Jeknic, Velimir"]
[Result "0-1"]
[WhiteElo "2208"]
[BlackElo "1813"]
[WhiteFideId "-1"]
[BlackFideId "-1"]
[PlyCount "140"]
[GameId "2295484219863402"]
[EventDate "2026.04.03"]
[EventType "swiss"]
[EventRounds "5"]
[EventCountry "MNE"]
[SourceVersionDate "2026.04.04"]

1. e4 e6 2. d4 d5 3. e5 c5 4. c3 Nc6 5. Nf3 Nge7 6. Na3 a6 7. Bd3 cxd4 8. cxd4 Nf5 9. Nc2 Nb4 10. Bxf5 exf5 11. Nxb4 Bxb4+ 12. Bd2 Bxd2+ 13. Qxd2 O-O 14. O-O h6 15. Rfc1 Be6 16. Rc5 Rc8 17. Rac1 Rxc5 18. dxc5 Qc7 19. Qe3 Rd8 20. Nd4 Rc8 21. b4 Qd7 22. Qb3 f4 23. a4 Qe7 24. Qc3 Bd7 25. Re1 a5 26. e6 fxe6 27. Nf5 Qf8 28. Nd4 axb4 29. Qxb4 Qxc5 30. Qxb7 Qc7 31. Qb4 Qc3 32. Qxc3 Rxc3 33. h4 Kf7 34. a5 Ra3 35. Rb1 Rxa5 36. Rb7 Ke8 37. Rb8+ Ke7 38. Rg8 Kf7 39. Rd8 Ra7 40. h5 g6 41. hxg6+ Kxg6 42. Nf3 Kf6 43. Rf8+ Kg7 44. Rxf4 Ra1+ 45. Kh2 Ra2 46. Kg1 Re2 47. Rb4 Be8 48. Kf1 Ra2 49. Ne5 h5 50. g4 Kf6 51. Nf3 hxg4 52. Rf4+ Ke7 53. Rxg4 Bh5 54. Rf4 Bxf3 55. Rxf3 e5 56. Kg2 d4 57. Rb3 Ke6 58. Kg3 Kf5 59. f3 Rc2 60. Rb5 Rc3 61. Rb4 Rd3 62. Rb8 e4 63. Rb5+ Ke6 64. Kf4 e3 65. Ke4 Rd2 66. Rb6+ Kd7 67. Rb1 e2 68. Re1 d3 69. Ke3 Rd1 70. Kf2 Ke6 0-1

[Event "CEDIS Festival saha 2026 - 1. turnir"]
[Site "Podgorica"]
[Date "2026.04.04"]
[Round "3.6"]
[White "Jankovic, Jovan"]
[Black "Baranin, Gojko"]
[Result "1-0"]
[WhiteElo "1830"]
[BlackElo "1896"]
[WhiteFideId "-1"]
[BlackFideId "-1"]
[PlyCount "139"]
[GameId "2295486880457273"]
[EventDate "2026.04.03"]
[EventType "swiss"]
[EventRounds "5"]
[EventCountry "MNE"]
[SourceVersionDate "2026.04.04"]

1. e4 d6 2. d4 g6 3. Nf3 Bg7 4. Bc4 Nf6 5. Nc3 a6 6. a4 O-O 7. Be3 Nbd7 8. Qd2 Ng4 9. Bg5 Qe8 10. h4 h5 11. Nh2 Ndf6 12. f3 Nxh2 13. Rxh2 e5 14. d5 Nh7 15. Bh6 Bd7 16. Be2 f5 17. b3 f4 18. Bxg7 Kxg7 19. O-O-O Rb8 20. Rg1 b5 21. a5 b4 22. Nd1 Bb5 23. Nb2 Bxe2 24. Qxe2 Qc8 25. g4 fxg3 26. Rxg3 Rf6 27. Rhg2 Nf8 28. Nc4 Kh7 29. Qe3 Rf4 30. Qa7 Qb7 31. Qe3 Qc8 32. Rh2 Qd7 33. Qa7 Qd8 34. Qxa6 Rf6 35. Qc6 Nd7 36. Rhg2 Kh6 37. Rg1 Kh7 38. Kb2 Nc5 39. Nxe5 dxe5 40. Qxc5 Qd6 41. Qxd6 cxd6 42. c4 Ra8 43. Ra1 Rf7 44. Ra4 Rb7 45. Rg1 Kh6 46. Kc2 Rf7 47. Rg3 Rf4 48. Rh3 g5 49. hxg5+ Kxg5 50. Kd3 h4 51. Ke3 Kh5 52. a6 Rf7 53. Rxb4 Rxa6 54. Rb8 Rh7 55. Kd3 Ra1 56. b4 Ra3+ 57. Kc2 Ra2+ 58. Kb3 Rg2 59. Rf8 Rg3 60. Rh2 h3 61. c5 Kh4 62. c6 Rg2 63. Rh1 Kg3 64. b5 Ra7 65. b6 Raa2 66. Rb1 h2 67. Rh1 Rg1 68. Rg8+ Kxf3 69. Rgxg1 hxg1=Q 70. Rxg1 1-0

[Event "CEDIS Festival saha 2026 - 1. turnir"]
[Site "Podgorica"]
[Date "2026.04.04"]
[Round "3.7"]
[White "Mitric, Nebojsa"]
[Black "Popovic, Nikola"]
[Result "1/2-1/2"]
[WhiteElo "1863"]
[BlackElo "1760"]
[WhiteFideId "-1"]
[BlackFideId "-1"]
[PlyCount "128"]
[GameId "2295489417769927"]
[EventDate "2026.04.03"]
[EventType "swiss"]
[EventRounds "5"]
[EventCountry "MNE"]
[SourceVersionDate "2026.04.04"]

1. d4 Nf6 2. Nf3 d5 3. g3 c5 4. e3 Nc6 5. Bg2 Bf5 6. O-O e6 7. a3 Be7 8. dxc5 Bxc5 9. b4 Be7 10. Bb2 O-O 11. Nbd2 Rc8 12. Nh4 Bg4 13. f3 Bh5 14. g4 Bg6 15. Nxg6 hxg6 16. Qe2 Nd7 17. c4 dxc4 18. Nxc4 Bf6 19. Rfd1 Qc7 20. Rac1 Bxb2 21. Nxb2 a6 22. a4 Qd8 23. f4 Qe7 24. b5 axb5 25. axb5 Nb4 26. Bxb7 Rxc1 27. Rxc1 Nb6 28. Bc6 Rd8 29. e4 e5 30. Qe3 Qh4 31. Qg3 Qf6 32. fxe5 Qg5 33. Rf1 Rd2 34. h4 Qe7 35. Qc3 Rc2 36. Qd4 Qxh4 37. Rf2 Qxg4+ 38. Kh2 Qh4+ 39. Kg2 Qg4+ 40. Kh2 Qf4+ 41. Kg2 Rxf2+ 42. Qxf2 Qxe5 43. Qxb6 Qxb2+ 44. Qf2 Qc3 45. Be8 Qc7 46. b6 Qe7 47. Ba4 Qxe4+ 48. Qf3 Qxf3+ 49. Kxf3 Na6 50. Ke4 Kf8 51. Kd5 Ke7 52. Kc6 Kd8 53. Kb7 Nc5+ 54. Ka7 g5 55. b7 Nxb7 56. Kxb7 g4 57. Bc2 Kd7 58. Bf5+ Kd6 59. Bxg4 Ke5 60. Kc6 Ke4 61. Kd6 f5 62. Bh5 f4 63. Ke6 Ke3 64. Kf5 g6+ 1/2-1/2

[Event "CEDIS Festival saha 2026 - 1. turnir"]
[Site "Podgorica"]
[Date "2026.04.04"]
[Round "3.8"]
[White "Pavlovic, David"]
[Black "Shevtsov, Konstantin"]
[Result "1-0"]
[WhiteElo "1844"]
[BlackElo "1440"]
[WhiteFideId "-1"]
[BlackFideId "-1"]
[PlyCount "91"]
[GameId "2295491382834292"]
[EventDate "2026.04.03"]
[EventType "swiss"]
[EventRounds "5"]
[EventCountry "MNE"]
[SourceVersionDate "2026.04.04"]

1. e4 e6 2. d4 d5 3. exd5 exd5 4. Nf3 Nf6 5. h3 Bd6 6. Bd3 O-O 7. O-O Nbd7 8. Bg5 c6 9. c3 Qc7 10. Nbd2 b6 11. Rc1 Bb7 12. c4 h6 13. Bxf6 Nxf6 14. a3 dxc4 15. Nxc4 Bf4 16. Rc2 c5 17. dxc5 bxc5 18. b4 Rad8 19. Rc3 Ne4 20. Rb3 cxb4 21. axb4 Ng5 22. Nxg5 hxg5 23. Qc2 Rfe8 24. Na5 Qb6 25. Nxb7 Qxb7 26. Rd1 Kh8 27. Be2 Rxd1+ 28. Qxd1 Qe7 29. Bb5 Qe1+ 30. Qxe1 Rxe1+ 31. Bf1 Kh7 32. Rf3 Kg6 33. g3 Bd6 34. b5 Bc5 35. Kg2 f6 36. Rd3 Re7 37. Rd8 Bb6 38. Rf8 Rd7 39. Be2 Rd2 40. Kf1 Rd7 41. g4 Rd4 42. Ke1 Rd7 43. Bc4 Re7+ 44. Kf1 Rd7 45. Be6 Re7 46. Bf5+ 1-0

[Event "CEDIS Festival saha 2026 - 1. turnir"]
[Site "Podgorica"]
[Date "2026.04.04"]
[Round "3.9"]
[White "Mitrovic, Danilo"]
[Black "Koprivica, Andrija"]
[Result "0-1"]
[WhiteElo "1629"]
[BlackElo "1807"]
[WhiteFideId "-1"]
[BlackFideId "-1"]
[PlyCount "56"]
[GameId "2295494594454710"]
[EventDate "2026.04.03"]
[EventType "swiss"]
[EventRounds "5"]
[EventCountry "MNE"]
[SourceVersionDate "2026.04.04"]

1. d4 Nf6 2. Bf4 e6 3. e3 d5 4. Nf3 c5 5. c3 Be7 6. Bb5+ Bd7 7. Qa4 a6 8. Bxd7+ Nbxd7 9. Nbd2 b5 10. Qb3 O-O 11. h3 Qb6 12. O-O Bd6 13. Rfe1 Bxf4 14. exf4 a5 15. Qc2 Rac8 16. Qb1 Rc7 17. f5 cxd4 18. Nxd4 e5 19. N4f3 e4 20. Nd4 b4 21. Ne2 e3 22. Nd4 exd2 23. Re2 bxc3 24. bxc3 Qxb1+ 25. Rxb1 Ne4 26. Rxe4 dxe4 27. Rd1 Rxc3 28. Rxd2 Rd3 0-1

[Event "CEDIS Festival saha 2026 - 1. turnir"]
[Site "Podgorica"]
[Date "2026.04.04"]
[Round "3.13"]
[White "Shevtsov, Egor"]
[Black "Sorochenkov, Alexander"]
[Result "0-1"]
[WhiteElo "1501"]
[BlackElo "1429"]
[WhiteFideId "-1"]
[BlackFideId "-1"]
[PlyCount "54"]
[GameId "2295501459289937"]
[EventDate "2026.04.03"]
[EventType "swiss"]
[EventRounds "5"]
[EventCountry "MNE"]
[SourceVersionDate "2026.04.04"]

1. e4 c5 2. Nc3 d6 3. Bc4 Nc6 4. d3 Nf6 5. f4 e6 6. Nf3 d5 7. Bb3 Be7 8. O-O O-O 9. a3 a6 10. exd5 exd5 11. d4 cxd4 12. Nxd4 Bc5 13. Be3 Ng4 14. Nxc6 Bxe3+ 15. Kh1 bxc6 16. Qf3 Qh4 17. h3 Bb6 18. f5 Ne3 19. Rfe1 Nxf5 20. Nxd5 cxd5 21. Qxd5 Be6 22. Rxe6 fxe6 23. Qxe6+ Kh8 24. Qxb6 Ng3+ 25. Kh2 Qf4 26. Qb4 Nf1+ 27. Kg1 Qh2# 0-1

[Event "CEDIS Festival saha 2026 - 1. turnir"]
[Site "Podgorica"]
[Date "2026.04.05"]
[Round "4.1"]
[White "Kramich, Aliaksei"]
[Black "Zivkovic, Slaven"]
[Result "1-0"]
[WhiteElo "2195"]
[BlackElo "1929"]
[WhiteFideId "-1"]
[BlackFideId "-1"]
[PlyCount "51"]
[GameId "2295575962489187"]
[EventDate "2026.04.03"]
[EventType "swiss"]
[EventRounds "5"]
[EventCountry "MNE"]
[SourceVersionDate "2026.04.04"]

1. Nf3 d5 2. c4 e6 3. b3 Nf6 4. Bb2 c5 5. g3 Nc6 6. Bg2 Be7 7. O-O O-O 8. cxd5 exd5 9. d4 h6 10. Nc3 b6 11. Rc1 Bb7 12. dxc5 Bxc5 13. Nh4 Bd4 14. Nf5 Be5 15. f4 Bxc3 16. Bxc3 Re8 17. Re1 Rc8 18. Qd3 a5 19. a3 h5 20. Bf3 g6 21. Nd4 Qe7 22. Bb2 Ng4 23. e3 Nf6 24. Nxc6 Rxc6 25. Rxc6 Bxc6 26. Qc3 1-0

[Event "CEDIS Festival saha 2026 - 1. turnir"]
[Site "Podgorica"]
[Date "2026.04.05"]
[Round "4.2"]
[White "Abramovic, Dragoljub"]
[Black "Musovic, Armin"]
[Result "1/2-1/2"]
[WhiteElo "2035"]
[BlackElo "2176"]
[WhiteFideId "-1"]
[BlackFideId "-1"]
[PlyCount "114"]
[GameId "2295576759927179"]
[EventDate "2026.04.03"]
[EventType "swiss"]
[EventRounds "5"]
[EventCountry "MNE"]
[SourceVersionDate "2026.04.04"]

1. d4 e6 2. e4 d5 3. Bd3 dxe4 4. Bxe4 Nf6 5. Bf3 Nc6 6. Ne2 e5 7. Bxc6+ bxc6 8. O-O e4 9. Bg5 Bd6 10. Ng3 Bxg3 11. fxg3 h6 12. Bxf6 gxf6 13. Nc3 f5 14. g4 fxg4 15. Nxe4 f5 16. Ng3 O-O 17. Qd2 Qg5 18. Qc3 Bd7 19. Rae1 Rae8 20. Qc5 f4 21. Qxg5+ hxg5 22. Ne4 Rf5 23. Nc5 f3 24. gxf3 gxf3 25. Kf2 Rd8 26. Re7 Be8 27. c3 Bf7 28. Rfe1 g4 29. R1e5 Rxe5 30. Rxe5 Bxa2 31. Rg5+ Kf7 32. Rxg4 Rh8 33. h4 Bd5 34. Nd3 Rb8 35. b4 a5 36. Ne5+ Ke6 37. c4 axb4 38. cxd5+ Kxd5 39. Nxf3 b3 40. Rg1 b2 41. Nd2 Kxd4 42. Ke2 Kc3 43. Nb1+ Kc2 44. Na3+ Kb3 45. Nb1 Kc2 46. Na3+ Kb3 47. Nb1 Rd8 48. Rg3+ Kb4 49. h5 c5 50. h6 Re8+ 51. Kd2 Rf8 52. Rg2 Kb3 53. Rg3+ Ka2 54. Nc3+ Kb3 55. Nd1+ Ka2 56. Nc3+ Kb3 57. Nd1+ Ka2 1/2-1/2

[Event "CEDIS Festival saha 2026 - 1. turnir"]
[Site "Podgorica"]
[Date "2026.04.05"]
[Round "4.3"]
[White "Jeknic, Velimir"]
[Black "Zizic, Djordje"]
[Result "1/2-1/2"]
[WhiteElo "1813"]
[BlackElo "2152"]
[WhiteFideId "-1"]
[BlackFideId "-1"]
[PlyCount "106"]
[GameId "2295578312938042"]
[EventDate "2026.04.03"]
[EventType "swiss"]
[EventRounds "5"]
[EventCountry "MNE"]
[SourceVersionDate "2026.04.04"]

1. e4 c5 2. d4 cxd4 3. c3 Nf6 4. e5 Nd5 5. Bc4 Nb6 6. Bb3 d6 7. Nf3 Nc6 8. e6 Bxe6 9. Bxe6 fxe6 10. Ng5 Qd7 11. cxd4 Nd5 12. Nc3 Nf6 13. O-O h6 14. Nxe6 Qxe6 15. d5 Qd7 16. dxc6 bxc6 17. Re1 Kf7 18. Ne4 g6 19. Qb3+ Kg7 20. Bd2 Nxe4 21. Rxe4 d5 22. Rd1 Kh7 23. Rh4 Bg7 24. Qe3 Kg8 25. Bc3 Qd6 26. Re4 Bxc3 27. bxc3 Kf7 28. Re5 e6 29. Re1 Rae8 30. Qxa7+ Re7 31. Qe3 c5 32. Qf4+ Kg7 33. Qg4 Rb8 34. g3 Rb6 35. h4 d4 36. h5 g5 37. Qe4 dxc3 38. Qg6+ Kf8 39. R5e3 Rf7 40. Qxh6+ Ke7 41. Qxg5+ Kd7 42. Qg6 Ke7 43. Rxe6+ Qxe6 44. Rxe6+ Rxe6 45. Qc2 Rf3 46. a4 Ref6 47. a5 Kd7 48. h6 Rxf2 49. Qxc3 Rf1+ 50. Kg2 R1f2+ 51. Kh3 Rxh6+ 52. Kg4 Rg6+ 53. Kh3 Rh6+ 1/2-1/2

[Event "CEDIS Festival saha 2026 - 1. turnir"]
[Site "Podgorica"]
[Date "2026.04.05"]
[Round "4.4"]
[White "Jovancevic, Jovan"]
[Black "Vujadinovic, Zeljko"]
[Result "1-0"]
[WhiteElo "2163"]
[BlackElo "1811"]
[WhiteFideId "-1"]
[BlackFideId "-1"]
[PlyCount "25"]
[GameId "2295579836871421"]
[EventDate "2026.04.03"]
[EventType "swiss"]
[EventRounds "5"]
[EventCountry "MNE"]
[SourceVersionDate "2026.04.04"]

1. d4 b6 2. c4 Bb7 3. Nc3 e6 4. e4 d5 5. cxd5 exd5 6. e5 c5 7. Nf3 cxd4 8. Qxd4 Bc5 9. Bb5+ Kf8 10. Qg4 h5 11. Qf4 d4 12. Ng5 Nh6 13. Ne6+ 1-0

[Event "CEDIS Festival saha 2026 - 1. turnir"]
[Site "Podgorica"]
[Date "2026.04.05"]
[Round "4.5"]
[White "Koprivica, Andrija"]
[Black "Kolmakov, Ivan D"]
[Result "0-1"]
[WhiteElo "1807"]
[BlackElo "2105"]
[WhiteFideId "-1"]
[BlackFideId "-1"]
[PlyCount "68"]
[GameId "2295580331127583"]
[EventDate "2026.04.03"]
[EventType "swiss"]
[EventRounds "5"]
[EventCountry "MNE"]
[SourceVersionDate "2026.04.04"]

1. e4 e6 2. d4 d5 3. Nd2 c5 4. exd5 Qxd5 5. dxc5 Bxc5 6. Ngf3 Nf6 7. Bc4 Qd7 8. O-O Qc7 9. a3 a5 10. Bb5+ Bd7 11. Bxd7+ Nbxd7 12. a4 O-O 13. Nb3 Be7 14. Nbd4 Rfd8 15. Nb5 Qb6 16. Qe2 Nd5 17. Ne5 Nxe5 18. Qxe5 Bf6 19. Qe2 Qc5 20. c3 Nb6 21. Be3 Qc4 22. Qc2 Nd5 23. Rfe1 Nb4 24. Qe2 Nd3 25. Red1 e5 26. Rd2 e4 27. Bd4 Bxd4 28. Nxd4 Re8 29. f3 Qc7 30. fxe4 Nc5 31. Nb5 Qe5 32. Rd5 Qxd5 33. Nc7 Qxe4 34. Qxe4 Nxe4 0-1

[Event "CEDIS Festival saha 2026 - 1. turnir"]
[Site "Podgorica"]
[Date "2026.04.05"]
[Round "4.6"]
[White "Pavlovic, David"]
[Black "Jankovic, Jovan"]
[Result "1/2-1/2"]
[WhiteElo "1844"]
[BlackElo "1830"]
[WhiteFideId "-1"]
[BlackFideId "-1"]
[PlyCount "40"]
[GameId "2295582216876878"]
[EventDate "2026.04.03"]
[EventType "swiss"]
[EventRounds "5"]
[EventCountry "MNE"]
[SourceVersionDate "2026.04.04"]

1. e4 e5 2. Be2 Bc5 3. Nf3 Nc6 4. Nc3 Nf6 5. d3 d6 6. Bd2 Bd7 7. Bc1 Nd4 8. Nxd4 Bxd4 9. Be3 Bxe3 10. fxe3 Qc8 11. O-O O-O 12. h3 c6 13. Qe1 d5 14. Qh4 dxe4 15. Rxf6 gxf6 16. Qxf6 Bf5 17. Bg4 Bxg4 18. Qg5+ Kh8 19. Qf6+ Kg8 20. Qg5+ Kh8 1/2-1/2

[Event "CEDIS Festival saha 2026 - 1. turnir"]
[Site "Podgorica"]
[Date "2026.04.05"]
[Round "4.7"]
[White "Lakusic, Zoran"]
[Black "Dedic, Slavko"]
[Result "1/2-1/2"]
[WhiteElo "1714"]
[BlackElo "1884"]
[WhiteFideId "-1"]
[BlackFideId "-1"]
[PlyCount "82"]
[GameId "2295582859174771"]
[EventDate "2026.04.03"]
[EventType "swiss"]
[EventRounds "5"]
[EventCountry "MNE"]
[SourceVersionDate "2026.04.04"]

1. Nf3 d5 2. d4 e6 3. c4 Nf6 4. Bg5 Be7 5. Nc3 O-O 6. Bxf6 Bxf6 7. e4 dxc4 8. Bxc4 Be7 9. O-O Bb4 10. Qb3 Bxc3 11. bxc3 c6 12. a4 Qc7 13. Rfd1 Qf4 14. e5 Rd8 15. d5 exd5 16. Rd4 Qh6 17. Rh4 dxc4 18. Rd1 Rf8 19. Qb4 Qg6 20. Rd6 Qc2 21. h3 Qb3 22. Qc5 Qxc3 23. Rxc4 Qa1+ 24. Kh2 Be6 25. Rxe6 fxe6 26. Qe7 Qb1 27. Rg4 Rf7 28. Qe8+ Rf8 29. Qxe6+ Kh8 30. Qe7 Rg8 31. Rxg7 Qf5 32. Rf7 Qg6 33. Nh4 Qh6 34. g4 Na6 35. Nf5 Qg6 36. Nh4 Qh6 37. Nf5 Qg6 38. Nh4 Qh6 39. Nf5 Qg6 40. Nh4 Qh6 41. Nf5 Qg6 1/2-1/2

[Event "CEDIS Festival saha 2026 - 1. turnir"]
[Site "Podgorica"]
[Date "2026.04.05"]
[Round "4.8"]
[White "Vujovic, Viktor"]
[Black "Mitric, Nebojsa"]
[Result "1/2-1/2"]
[WhiteElo "1646"]
[BlackElo "1863"]
[WhiteFideId "-1"]
[BlackFideId "-1"]
[PlyCount "104"]
[GameId "2295585044620297"]
[EventDate "2026.04.03"]
[EventType "swiss"]
[EventRounds "5"]
[EventCountry "MNE"]
[SourceVersionDate "2026.04.04"]

1. e4 c5 2. c3 d6 3. d4 cxd4 4. cxd4 g6 5. Nc3 Bg7 6. Nf3 e6 7. Bf4 a6 8. Qd2 Ne7 9. Rd1 O-O 10. Bd3 Nbc6 11. Bh6 b5 12. h4 f5 13. Bxg7 Kxg7 14. h5 Qe8 15. Ne2 e5 16. d5 Nd8 17. Qg5 Nf7 18. Qh4 h6 19. hxg6 Nxg6 20. Qh5 f4 21. g3 fxg3 22. Nxg3 Nf4 23. Qh2 Rh8 24. Nh5+ Nxh5 25. Qxh5 Ng5 26. Nxg5 Qxh5 27. Rxh5 hxg5 28. Rxg5+ Kf6 29. Rg3 Bd7 30. Kd2 Rh2 31. Ke3 Rf8 32. Rf3+ Ke7 33. Rxf8 Kxf8 34. Rg1 Ke7 35. Be2 Kf7 36. Rc1 Rh8 37. Rc7 Ke8 38. Ra7 Rh3+ 39. Kd2 Rh2 40. Rxa6 Rxf2 41. Ke3 Rf6 42. Rb6 Kd8 43. b4 Kc7 44. Ra6 Kb7 45. Ra5 Kb6 46. Ra8 Rh6 47. Rg8 Rh3+ 48. Bf3 Rh2 49. Rg2 Rh6 50. Kd2 Rh3 51. Ke3 Rh6 52. Kf2 Rf6 1/2-1/2